Catalog

Record Details

Catalog Search



Music and Game Perspectives on a Popular Alliance  Cover Image E-book E-book

Music and Game [electronic resource] : Perspectives on a Popular Alliance / edited by Peter Moormann.

Moormann, Peter. (editor.). SpringerLink (Online service) (Added Author).

Record details

  • ISBN: 9783531189130
  • Physical Description: IX, 223 p. 2 illus. online resource.
  • Publisher: Wiesbaden : Springer Fachmedien Wiesbaden : 2013.
Subject: Social sciences.
Social Sciences.
Communication Studies.

Electronic resources


LDR 01331nam a22003615i 4500
00120346
003CONS
00520130726212219.0
007cr nn 008mamaa
008120810s2013 gw | s |||| 0|eng d
020 . ‡a9783531189130 ‡9978-3-531-18913-0
0247 . ‡a10.1007/978-3-531-18913-0 ‡2doi
035 . ‡a(DE-He213)978-3-531-18913-0
050 4. ‡aP87-96
072 7. ‡aGTC ‡2bicssc
072 7. ‡aLAN004000 ‡2bisacsh
1001 . ‡aMoormann, Peter. ‡eeditor.
24510. ‡aMusic and Game ‡h[electronic resource] : ‡bPerspectives on a Popular Alliance / ‡cedited by Peter Moormann.
264 1. ‡aWiesbaden : ‡bSpringer Fachmedien Wiesbaden : ‡bImprint: Springer VS, ‡c2013.
300 . ‡aIX, 223 p. 2 illus. ‡bonline resource.
336 . ‡atext ‡btxt ‡2rdacontent
337 . ‡acomputer ‡bc ‡2rdamedia
338 . ‡aonline resource ‡bcr ‡2rdacarrier
347 . ‡atext file ‡bPDF ‡2rda
4901 . ‡aMusik und Medien
650 0. ‡aSocial sciences.
65014. ‡aSocial Sciences.
65024. ‡aCommunication Studies.
7102 . ‡aSpringerLink (Online service)
7730 . ‡tSpringer eBooks
77608. ‡iPrinted edition: ‡z9783531174099
830 0. ‡aMusik und Medien
85640. ‡uhttp://biblioteca.ipicyt.edu.mx:2048/login?url=http://dx.doi.org/10.1007/978-3-531-18913-0 ‡yTexto completo ‡9CONS
950 . ‡aHumanities, Social Sciences and Law (Springer-11648)
901 . ‡a20346 ‡b ‡c20346 ‡tbiblio ‡sSystem Local

Additional Resources